Desarrollo pedagógico práctico : (Record no. 5225)

000 -CABECERA
fixed length control field 00860nam a22002417a 4500
003 - IDENTIFICADOR DEL NÚMERO DE CONTROL
control field AR-CdUCM
008 - DATOS DE LONGITUD FIJA--INFORMACIÓN GENERAL
fixed length control field 190312b ||||| |||| 00| 0 spa d
040 ## - FUENTE DE LA CATALOGACIÓN
Agencia/entidad que catalogó originalmente la obra MUNICIPALIDAD PROVINCIAL DEL CUSCO
Entidad que transcribió la catalogación BIBLIOTECA MUNICIPAL DEL CUSCO
082 ## - NÚMERO DE LA CLASIFICACIÓN DECIMAL DEWEY
No. de Clasificación 373 /
Notacion interna B641
100 ## - ENTRADA PRINCIPAL--NOMBRE DE PERSONA
Nombre Personal Blanco, Jose Maria
245 ## - MENCIÓN DE TÍTULO
Título Desarrollo pedagógico práctico :
Resto del título para grados superiores /
260 ## - PUBLICACIÓN, DISTRIBUCIÓN, ETC.
Lugar de publicación, distribución, etc. Buenos Aires :
Nombre de la editorial, distribuidor, etc. Ruy Diaz,
300 ## - DESCRIPCIÓN FÍSICA
Nº de Páginas Extensión 245 páginas ;
Dimensiones 23 cm.
440 ## - MENCIÓN DE SERIE/PUNTO DE ACCESO ADICIONAL--TÍTULO
Número de la parte/sección de una obra 7
9 (RLIN) 15837
505 ## - NOTA DE CONTENIDO CON FORMATO
Nota de contenido formateada La ciencia es una linea de descubrimiento -- La energía -- Líquidos en equilibrio -- El aire -- La luz y la visión -- La electricidad - Los sistemas y los materiales...
650 ## - PUNTO DE ACCESO ADICIONAL DE MATERIA--TÉRMINO DE MATERIA
Descriptor Educación.
9 (RLIN) 460
650 ## - PUNTO DE ACCESO ADICIONAL DE MATERIA--TÉRMINO DE MATERIA
Descriptor Luz.
9 (RLIN) 15838
650 ## - PUNTO DE ACCESO ADICIONAL DE MATERIA--TÉRMINO DE MATERIA
Descriptor Aire.
9 (RLIN) 15839
650 ## - PUNTO DE ACCESO ADICIONAL DE MATERIA--TÉRMINO DE MATERIA
Descriptor Electricidad.
9 (RLIN) 15840
650 ## - PUNTO DE ACCESO ADICIONAL DE MATERIA--TÉRMINO DE MATERIA
Descriptor Energía.
9 (RLIN) 15841
942 ## - ELEMENTOS DE PUNTO DE ACCESO ADICIONAL (KOHA)
Fuente de clasificación
Tipo de item Libros-BMC
945 ## - PROCESAMIENTO DE INFORMACIÓN LOCAL (OCLC)
Catalogador wfj
Holdings
Estado de retiro (separado) Fuente de clasificación o esquema de estanterías Estado dañado Ubicación Sala donde se ubica Nombre de la colección Fecha de adquisición o compra Costo, precio normal en soles Signatura topográfica Código de Barras Última vez visto (Koha) Tipo de ítem (Koha)
No     Sala Humanidades Sala Humanidades Book Cart 2019-03-12 40.00 373 / B641 SH0000005965 2019-03-12 Libros-BMC

Powered by Koha